| Tag |
First Indicator |
Second Indicator |
Subfields |
| LEADER |
00000cam a2200000 a 4500 |
| 001 |
in00002571663 |
| 005 |
20151201152042.0 |
| 008 |
091001s2010 nyua b 001 0 eng c |
| 010 |
|
|
|a 2009041329
|
| 015 |
|
|
|a GBA996932
|2 bnb
|
| 016 |
7 |
|
|a 015385492
|2 Uk
|
| 020 |
|
|
|a 9780801448218 (cloth : alk. paper)
|
| 020 |
|
|
|a 0801448212 (cloth : alk. paper)
|
| 029 |
1 |
|
|a CHVBK
|b 137959052
|
| 029 |
1 |
|
|a CDX
|b 10175298
|
| 029 |
1 |
|
|a DEBBG
|b BV036009232
|
| 035 |
|
|
|a (OCoLC)ocn320799040
|
| 035 |
|
|
|a (OCoLC)320799040
|
| 040 |
|
|
|a NIC/DLC
|c DLC
|d YDX
|d UKM
|d BTCTA
|d YDXCP
|d CDX
|d BWX
|d COO
|d UtOrBLW
|
| 042 |
|
|
|a pcc
|
| 043 |
|
|
|a e-uk---
|
| 049 |
|
|
|a TXAM
|
| 050 |
0 |
0 |
|a PR888.R34
|b S47 2010
|
| 082 |
0 |
0 |
|a 820.9/3552
|2 22
|
| 100 |
1 |
|
|a Seshagiri, Urmila,
|d 1971-
|
| 245 |
1 |
0 |
|a Race and the modernist imagination /
|c Urmila Seshagiri.
|
| 264 |
|
1 |
|a Ithaca :
|b Cornell University Press,
|c 2010.
|
| 300 |
|
|
|a xiii, 251 pages :
|b illustrations ;
|c 24 cm.
|
| 336 |
|
|
|a text
|b txt
|2 rdacontent
|
| 337 |
|
|
|a unmediated
|b n
|2 rdamedia
|
| 338 |
|
|
|a volume
|b nc
|2 rdacarrier
|
| 500 |
|
|
|a Originally presented as the author's thesis (Ph. D.)--University of Illinois at Urbana-Champaign, 2001.
|
| 504 |
|
|
|a Includes bibliographical references and index.
|
| 650 |
|
0 |
|a English fiction
|y 20th century
|x History and criticism.
|
| 650 |
|
0 |
|a Race in literature.
|
| 650 |
|
0 |
|a Modernism (Literature)
|z Great Britain.
|
| 938 |
|
|
|a Blackwell Book Service
|b BBUS
|n R6848275
|c $45.00
|
| 938 |
|
|
|a Coutts Information Services
|b COUT
|n 10175298
|
| 938 |
|
|
|a YBP Library Services
|b YANK
|n 3074174
|
| 945 |
|
|
|a PromptCat
|b 10559
|
| 946 |
|
|
|a stk
|
| 947 |
|
|
|a A14840176725
|
| 994 |
|
|
|a 92
|b TXA
|
| 948 |
|
|
|a Cataloged
|b h
|c 2010/6/25
|d c
|e ibarton
|
| 999 |
|
|
|a MARS
|
| 999 |
f |
f |
|s 2ebcb422-1a5e-310e-9424-ea23da378f89
|i 9915bed1-2d12-32e0-80bc-39a1b5eccf1c
|t 0
|
| 952 |
f |
f |
|p normal
|a Texas A&M University
|b College Station
|c Sterling C. Evans Library
|d Evans: Library Stacks
|t 0
|e PR888.R34 S47 2010
|h Library of Congress classification
|i unmediated -- volume
|m A14840176725
|
| 998 |
f |
f |
|a PR888.R34 S47 2010
|t 0
|l Evans: Library Stacks
|